Sinh thái học
Trình bày những vấn đề chung của sinh thái học. Sinh thái học cá thể. Sinh thái học quần thể. Sinh thái học quần xã. Hệ sinh thái
Đã lưu trong:
| Príomhúdar: | |
|---|---|
| Formáid: | Leabhar |
| Teanga: | Vietnamese |
| Foilsithe: |
H.
Giáo dục
2013
|
| Ábhair: | |
| Clibeanna: |
Cuir Clib Leis
Gan Chlibeanna, Bí ar an gcéad duine leis an taifead seo a chlibeáil!
|
| Thư viện lưu trữ: | Mạng thư viện Đại học Đà Nẵng |
|---|
| LEADER | 01152nam a2200325 4500 | ||
|---|---|---|---|
| 001 | 000025186 | ||
| 003 | 21679 | ||
| 005 | 20170525080504.0 | ||
| 008 | 170525s2013 viesd | ||
| 020 | |c 60000 | ||
| 041 | 0 | |a vie | |
| 082 | 1 | 4 | |a 577 |b ĐÔ-N |
| 100 | 1 | |a Đỗ Văn Nhượng | |
| 245 | 1 | 0 | |a Sinh thái học |c Đỗ Văn Nhượng |
| 260 | |a H. |b Giáo dục |c 2013 | ||
| 300 | |a 297 tr. |b minh họa |c 24 cm. | ||
| 504 | |a Thư mục: tr. 297 | ||
| 520 | 3 | |a Trình bày những vấn đề chung của sinh thái học. Sinh thái học cá thể. Sinh thái học quần thể. Sinh thái học quần xã. Hệ sinh thái | |
| 650 | 0 | 4 | |a Sinh thái học |
| 653 | |a Sinh thái học | ||
| OWN | |a LSP | ||
| AVA | |a UDN50 |b LSP |d 577 ĐÔ-N |e check_holdings |t Error 5003 Not defined in file expand_doc_bib_avail. |h N |k 1 | ||
| 999 | |a From the UDN01 | ||
| AVA | |a UDN50 |b LSP |d 577 ĐÔ-N |e available |t Error 5001 Not defined in file expand_doc_bib_avail. |f 30 |g 3 |h N |i 48 |k 1 | ||
| TYP | |a Monograph | ||
| TYP | |a Printed language | ||
| 980 | |a Mạng thư viện Đại học Đà Nẵng | ||